00463cam a22001812i 4500001001300000003000700013005001700020008004100037020002800078040001300106042000900119084001600128245004800144250001100192260003600203300001800239650002400257CIP113014948yeezen20250717092655.0240924s2024 ch e 000 0 chi d a9789863685593q(平裝) aCIPbchi anbic a4152ncsclt10a重症醫學實證精要 /c尹彙文主編 a二版 a新北市 :b合記, c2024.10. a面 ;c公分 72lcstta重症醫學